Open Data Biblioteca Nacional de Portugal


República Portuguesa: Ministério da Cultura
Biblioteca Nacional de Portugal

Catálogo da BNP: acesso por Identificadores Unívocos
Registos Bibliográficos associados ao registo de autoridade

Etiqueta de registo: 00254nam 2200025 450
001 2157838
003 http://id.bnportugal.gov.pt/bib/catbnp/2157838
010 ## $a978-972-780-241-8
021 ## $aPT$b526020/23
100 ## $a20240223d2023 m y0pory01030103ba
101 0# $apor$aeng
102 ## $aPT
105 ## $aa z 000gy
106 ## $ar
200 1# $aAye, poemas ecoceses$fCarlos Oliveira Santos$gpref. Billy Kay$gdes. Ana Fonseca
205 ## $a1ª ed
210 #9 $aLisboa$cÂncora,$d2023
215 ## $a332 p.$cil.$d21 cm
675 ## $a821.134.3-1"19/20"$vBN$zpor$3567435
675 ## $a7.038.5(=1:469)"19/20"$vBN$zpor$31489175
700 #1 $aSantos,$bCarlos Oliveira,$f1953-$31102478
702 #1 $aKay,$bBilly,$f1951-$4080$31908182
702 #1 $aFonseca,$bAna,$f1978-$4440$31908183
801 #0 $aPT$bBN$gRPC
856 41 $uhttp://rnod.bnportugal.gov.pt/ImagesBN/winlibimg.aspx?skey=&doc=2157838&img=190912&save=true
900 ## $aBIBNAC$d20240408
966 ## $lBN$mFGMON$sL. 169937 V.$x1
966 ## $lBN$mFGMON$sL. 169937 V.-D$x1
971 ## $casantos$d20240223
972 ## $e0$z0$d20240408$viquintas
973 ## $ctrodrigues$d20240315

OpendataBNP@bnportugal.pt | Mais informação sobre acesso aos dados BNP